[Event "Erandio op 27th"]
[Site "Erandio"]
[Date "2018.12.20"]
[Round "6"]
[White "Villanueva Arguinberri, Bruno"]
[Black "Prieto Aranguren, Alain"]
[Result "1/2-1/2"]
[WhiteElo "2001"]
[BlackElo "2242"]
[PlyCount "130"]
[EventDate "2018.12.15"]
[EventType "swiss"]
[EventRounds "8"]
[EventCountry "ESP"]
[SourceTitle "EXT 2020"]
[Source "ChessBase"]
[SourceDate "2019.10.17"]
[SourceVersion "1"]
[SourceVersionDate "2019.10.17"]
[SourceQuality "1"]

1. d4 Nf6 2. c4 g6 3. Nc3 Bg7 4. e4 d6 5. Nf3 0-0 6. Be2 e5 7. 0-0 Nc6 8. d5 Ne7 9. Ne1 Nd7 10. Be3 f5 11. f3 f4 12. Bf2 h5 13. Nd3 g5 14. a4 Nf6 15. c5 Ng6 16. cxd6 cxd6 17. a5 g4 18. Nb5 g3 19. hxg3 fxg3 20. Bxg3 h4 21. Bf2 Nh5 22. Kh2 Bh6 23. Rh1 Ng3 24. Bxg3 hxg3+ 25. Kg1 Be3+ 26. Kf1 Kg7 27. Qc2 Rf7 28. Ke1 a6 29. Nc3 Rc7 30. Qb3 Qg5 31. Nd1 Bd4 32. Ra4 Bd7 33. Rxd4 exd4 34. Qb6 Rac8 35. Qxd4+ Kg8 36. f4 Qe7 37. e5 Bf5 38. exd6 Qxd6 39. Ne5 Qc5 40. Qxc5 Rxc5 41. b4 Rxd5 42. Bc4 Rxc4 43. Nxc4 Nxf4 44. Nde3 Rd4 45. Nxf5 Rxc4 46. Nxg3 Rxb4 47. Kf2 Rb5 48. Kf3 Ne6 49. Rh6 Nd4+ 50. Ke4 Nc6 51. Rh5 Rxh5 52. Nxh5 Nxa5 53. Kd5 Nb3 54. Kc4 Nd2+ 55. Kc5 Kf7 56. Kb6 Ke6 57. Nf4+ Kd6 58. Nd3 Nc4+ 59. Kxb7 a5 60. Ka6 a4 61. Kb5 a3 62. Nb4 Nb2 63. Na2 Kd5 64. Kb4 Kd4 65. Kxa3 Nc4+ 1/2-1/2

[Event "Villalba op 1st"]
[Site "Villalba"]
[Date "2013.08.03"]
[Round "8.2"]
[White "Sanchez Gonzalez, Sergio"]
[Black "Villanueva Arguinberri, Bruno"]
[Result "1-0"]
[WhiteElo "2304"]
[BlackElo "1961"]
[PlyCount "117"]
[EventDate "2013.07.27"]
[EventType "swiss"]
[EventRounds "9"]
[EventCountry "ESP"]
[SourceTitle "EXT 2024"]
[Source "ChessBase"]
[SourceDate "2023.10.10"]
[SourceVersion "1"]
[SourceVersionDate "2023.10.10"]
[SourceQuality "1"]

1. Nf3 Nf6 2. c4 e6 3. g3 d5 4. Bg2 c6 5. Qc2 Nbd7 6. 0-0 Bd6 7. d4 0-0 8. Nc3 b6 9. e4 dxe4 10. Nxe4 Nxe4 11. Qxe4 Bb7 12. Ne5 Qc7 13. Nxc6 Rac8 14. d5 Bxc6 15. dxc6 Nb8 16. b3 Nxc6 17. Rd1 Be5 18. Rb1 Bf6 19. Ba3 Rfd8 20. Rxd8+ Qxd8 21. c5 Ne7 22. Qa4 Nd5 23. Rd1 bxc5 24. Qxa7 Bd4 25. Rxd4 cxd4 26. Qxd4 Qb6 27. Qxb6 Nxb6 28. Bd6 Nd5 29. Bf1 Rc6 30. Be5 f6 31. Bd4 Rc1 32. Kg2 Rb1 33. Bc4 Kf7 34. a4 Ke7 35. a5 Nc7 36. Bb6 Nd5 37. Bc5+ Kd7 38. a6 Kc7 39. Bd4 Rd1 40. a7 Kb7 41. Ba6+ Ka8 42. Bc5 Ra1 43. Bb5 Rxa7 44. Bxa7 Kxa7 45. Bd7 Nc7 46. Kf3 Kb6 47. b4 Nd5 48. Bxe6 Nxb4 49. Bg8 h6 50. Ke4 Kc6 51. Kf5 Nd3 52. f4 g5 53. Bc4 Nxf4 54. gxf4 gxf4 55. Kxf4 Kd6 56. Kf5 Ke7 57. h4 Kf8 58. Kxf6 h5 59. Kg6 1-0

[Event "Villalba op 1st"]
[Site "Villalba"]
[Date "2013.08.02"]
[Round "7.5"]
[White "Villanueva Arguinberri, Bruno"]
[Black "Perez Marco, Ricardo"]
[Result "1-0"]
[WhiteElo "1961"]
[BlackElo "2137"]
[PlyCount "103"]
[EventDate "2013.07.27"]
[EventType "swiss"]
[EventRounds "9"]
[EventCountry "ESP"]
[SourceTitle "EXT 2024"]
[Source "ChessBase"]
[SourceDate "2023.10.10"]
[SourceVersion "1"]
[SourceVersionDate "2023.10.10"]
[SourceQuality "1"]

1. d4 Nf6 2. Nf3 g6 3. g3 Bg7 4. Bg2 0-0 5. 0-0 d5 6. b3 c5 7. e3 Nc6 8. Bb2 Ne4 9. Ne5 cxd4 10. exd4 Qc7 11. f3 Nd6 12. Nc3 e6 13. f4 Nf5 14. Re1 Rd8 15. Na4 Bd7 16. Nc5 Be8 17. c3 Nxe5 18. fxe5 b6 19. Nd3 Bh6 20. Nf4 a5 21. c4 dxc4 22. Rc1 b5 23. Bxa8 Rxa8 24. a4 Qb6 25. axb5 cxb3 26. Qxb3 Nxd4 27. Bxd4 Qxd4+ 28. Qe3 Qxe3+ 29. Rxe3 Bxb5 30. Rc5 Be8 31. Rec3 Bf8 32. Rc8 Rxc8 33. Rxc8 Bb5 34. Kf2 a4 35. Ne2 a3 36. Nc3 Ba6 37. Rc6 Bb7 38. Rc7 Bd5 39. Nxd5 a2 40. Nf6+ Kg7 41. Rc1 Bc5+ 42. Kf3 Bd4 43. Ke4 a1Q 44. Rxa1 Bxa1 45. g4 Bc3 46. Ne8+ Kh6 47. Nd6 f6 48. exf6 Bxf6 49. Nf7+ Kg7 50. Nd6 Bc3 51. Kf4 Kf6 52. Ne4+ 1-0

[Event "Villalba op 1st"]
[Site "Villalba"]
[Date "2013.07.29"]
[Round "3.6"]
[White "Sotoca Aguado, Jose"]
[Black "Villanueva Arguinberri, Bruno"]
[Result "0-1"]
[WhiteElo "1928"]
[BlackElo "1961"]
[PlyCount "60"]
[EventDate "2013.07.27"]
[EventType "swiss"]
[EventRounds "9"]
[EventCountry "ESP"]
[SourceTitle "EXT 2024"]
[Source "ChessBase"]
[SourceDate "2023.10.10"]
[SourceVersion "1"]
[SourceVersionDate "2023.10.10"]
[SourceQuality "1"]

1. d4 Nf6 2. c4 e6 3. Nf3 d5 4. Nc3 Be7 5. Qc2 0-0 6. e3 c6 7. Bd3 Nbd7 8. 0-0 h6 9. Bd2 b6 10. cxd5 exd5 11. e4 dxe4 12. Nxe4 Bb7 13. Rfe1 c5 14. Rad1 cxd4 15. Nxd4 Nc5 16. Nxc5 Bxc5 17. Bc3 Qc7 18. h3 Rac8 19. Nf5 Qc6 20. Ne3 Rfe8 21. Bf1 Bxe3 22. fxe3 Ne4 23. Qb3 Ng5 24. Re2 Re6 25. Rd4 Rce8 26. Rg4 Kh7 27. h4 f5 28. Rc4 Nh3+ 29. Kh2 Qd6+ 30. Kxh3 Rxe3+ 0-1

[Event "Erandio op 17th"]
[Site "Erandio"]
[Date "2008.12.24"]
[Round "7"]
[White "Trigo Urquijo, Sergio"]
[Black "Villanueva Arguinberri, Bruno"]
[Result "1-0"]
[WhiteElo "2198"]
[BlackElo "1976"]
[PlyCount "53"]
[EventDate "2008.12.20"]
[EventType "swiss"]
[EventRounds "9"]
[EventCountry "ESP"]
[SourceTitle "EXT 2024"]
[Source "ChessBase"]
[SourceDate "2023.10.10"]
[SourceVersion "1"]
[SourceVersionDate "2023.10.10"]
[SourceQuality "1"]

1. Nf3 d5 2. d4 Nf6 3. c4 e6 4. e3 Be7 5. b3 0-0 6. Bd3 b6 7. 0-0 Nbd7 8. Nc3 Bb7 9. Bb2 Ne4 10. Nd2 f5 11. f3 Nxd2 12. Qxd2 Bg5 13. Qe2 c5 14. Rfe1 a6 15. Rad1 Qe8 16. cxd5 exd5 17. dxc5 Nxc5 18. Bc2 Rd8 19. b4 Ne6 20. Bb3 Nc7 21. e4 Qf7 22. exd5 Rd6 23. b5 Re8 24. Qf2 Rxe1+ 25. Qxe1 Nxd5 26. Nxd5 Bxd5 27. Rxd5 1-0

[Event "Collado Villalba op-A 25th"]
[Site "Collado Villalba"]
[Date "2008.08.22"]
[Round "1"]
[White "Elissalt Cardenas, Hector"]
[Black "Villanueva Arguinberri, Bruno"]
[Result "1-0"]
[WhiteElo "2317"]
[BlackElo "1981"]
[PlyCount "49"]
[EventDate "2008.08.22"]
[EventType "swiss"]
[EventRounds "9"]
[EventCountry "ESP"]
[SourceTitle "CBM 126 Extra"]
[Source "ChessBase"]
[SourceDate "2008.11.05"]
[SourceVersion "1"]
[SourceVersionDate "2008.11.05"]
[SourceQuality "1"]

1. d4 Nf6 2. Nf3 e6 3. e3 d5 4. Nbd2 c5 5. c3 Nc6 6. Bd3 cxd4 7. exd4 Bd6 8. 0-0 0-0 9. Re1 Qc7 10. Qe2 Nd7 11. c4 h6 12. c5 Be7 13. Nb3 b6 14. cxb6 Qxb6 15. Be3 Nb4 16. Bb1 Ba6 17. Qd2 Bc4 18. Ne5 Nf6 19. Bxh6 Bxb3 20. Bxg7 Bc2 21. Nd7 Qb7 22. Bxf6 Bxf6 23. Nxf6+ Kg7 24. Qg5+ Bg6 25. Rxe6 1-0

[Event "Euskadi-ch U18"]
[Site "Eibar"]
[Date "2008.03.27"]
[Round "4"]
[White "Gonzalez Sagasti, Jon Ander"]
[Black "Villanueva Arguinberri, Bruno"]
[Result "0-1"]
[WhiteElo "1777"]
[BlackElo "2007"]
[PlyCount "112"]
[EventDate "2008.03.25"]
[EventType "swiss"]
[EventRounds "6"]
[EventCountry "ESP"]
[SourceTitle "EXT 2024"]
[Source "ChessBase"]
[SourceDate "2023.10.10"]
[SourceVersion "1"]
[SourceVersionDate "2023.10.10"]
[SourceQuality "1"]

1. e4 e5 2. Nf3 Nf6 3. Nc3 Bb4 4. d3 d6 5. Be2 0-0 6. Bg5 Be6 7. 0-0 c6 8. a3 Bxc3 9. bxc3 Nbd7 10. c4 Qc7 11. Qd2 d5 12. cxd5 cxd5 13. exd5 Nxd5 14. Rfe1 f6 15. Bh4 Rac8 16. c4 N5b6 17. Bf1 Rfe8 18. Bg3 Qc6 19. Qb2 Bf7 20. Nd2 Red8 21. Ne4 Nc5 22. Nxc5 Qxc5 23. Qb4 Bg6 24. Qxc5 Rxc5 25. Red1 Na4 26. f3 b6 27. Bf2 Rc7 28. d4 Nb2 29. Rdc1 exd4 30. Ra2 Na4 31. Rd2 d3 32. Be3 Nc5 33. Bxc5 Rxc5 34. Rc3 h6 35. Kf2 b5 36. Bxd3 Bxd3 37. Rdxd3 Rxd3 38. Rxd3 Rxc4 39. Rd8+ Kh7 40. Rd7 Ra4 41. Rd3 Kg6 42. Ke3 a5 43. Rb3 b4 44. axb4 Rxb4 45. Ra3 a4 46. Kf2 Kf5 47. Kg3 Ke5 48. Re3+ Kd5 49. Re7 Kc4 50. Rxg7 a3 51. Ra7 Kb3 52. Rxa3+ Kxa3 53. f4 Rb2 54. Kh3 Kb3 55. g4 Kc4 56. Kg3 Kd4 0-1

[Event "Erandio op"]
[Site "Erandio"]
[Date "2007.12.20"]
[Round "6"]
[White "Villanueva Arguinberri, Bruno"]
[Black "Franco Alonso, Alejandro"]
[Result "0-1"]
[WhiteElo "1982"]
[BlackElo "2425"]
[PlyCount "57"]
[EventDate "2007.12.17"]
[EventType "swiss"]
[EventRounds "9"]
[EventCountry "ESP"]
[SourceTitle "CBM 121 Extra"]
[Source "ChessBase"]
[SourceDate "2008.01.10"]
[SourceVersion "1"]
[SourceVersionDate "2008.01.10"]
[SourceQuality "1"]

1. d4 Nf6 2. Nf3 e6 3. c4 b6 4. Nc3 Bb4 5. Qc2 Bb7 6. e3 0-0 7. Bd3 c5 8. a3 Bxc3+ 9. bxc3 d5 10. 0-0 Nbd7 11. a4 dxc4 12. Bxc4 Bxf3 13. gxf3 Qc7 14. Qe2 Rac8 15. Bb5 Nd5 16. Bd2 N7f6 17. Rac1 e5 18. e4 Ne7 19. d5 Ng6 20. Rfd1 Rcd8 21. a5 Nh5 22. axb6 axb6 23. Ra1 Rd6 24. Kh1 Ngf4 25. Qc4 Qe7 26. Rg1 Qh4 27. Qf1 Rh6 28. Rg4 Ng3+ 29. fxg3 0-1

[Event "Erandio op"]
[Site "Erandio"]
[Date "2007.12.18"]
[Round "4"]
[White "Villanueva Arguinberri, Bruno"]
[Black "Trigo Urquijo, Sergio"]
[Result "1/2-1/2"]
[WhiteElo "1982"]
[BlackElo "2148"]
[PlyCount "49"]
[EventDate "2007.12.17"]
[EventType "swiss"]
[EventRounds "9"]
[EventCountry "ESP"]
[SourceTitle "CBM 121 Extra"]
[Source "ChessBase"]
[SourceDate "2008.01.10"]
[SourceVersion "1"]
[SourceVersionDate "2008.01.10"]
[SourceQuality "1"]

1. d4 d6 2. Nf3 Bg4 3. Nbd2 Nf6 4. g3 Nbd7 5. Bg2 c6 6. 0-0 e5 7. dxe5 Nxe5 8. h3 Nxf3+ 9. Nxf3 Bh5 10. c4 Bg6 11. Nh4 Be4 12. Bg5 Bxg2 13. Nxg2 Be7 14. Qd3 Qd7 15. Rfd1 Qxh3 16. Bxf6 Bxf6 17. Qxd6 Qe6 18. Qxe6+ fxe6 19. Rd6 Ke7 20. Rad1 Rad8 21. Rxd8 Rxd8 22. Rxd8 Kxd8 23. b3 Ke7 24. Nf4 Kd6 25. Nd3 1/2-1/2

[Event "Euskadi-ch U16"]
[Site "Eibar"]
[Date "2007.04.13"]
[Round "5"]
[White "Sanz Rodero, Mikel"]
[Black "Villanueva Arguinberri, Bruno"]
[Result "1-0"]
[WhiteElo "1889"]
[BlackElo "1909"]
[PlyCount "75"]
[EventDate "2007.04.10"]
[EventType "swiss"]
[EventRounds "7"]
[EventCountry "ESP"]
[SourceTitle "EXT 2008"]
[Source "ChessBase"]
[SourceDate "2007.11.25"]
[SourceVersion "1"]
[SourceVersionDate "2007.11.25"]
[SourceQuality "1"]

1. d4 d5 2. c4 e6 3. Nc3 Nf6 4. cxd5 exd5 5. Bg5 c6 6. Qc2 Bd6 7. e3 0-0 8. Bd3 h6 9. Bh4 Re8 10. Nge2 Nbd7 11. 0-0 Qc7 12. Bg3 a6 13. b4 Qb8 14. a4 Nh5 15. Bxd6 Qxd6 16. b5 g6 17. Rfc1 axb5 18. axb5 Rxa1 19. Rxa1 f5 20. bxc6 bxc6 21. Ra8 Nhf6 22. Nf4 Nb6 23. Ra7 Nfd7 24. h4 h5 25. Na4 Nxa4 26. Qxa4 Rd8 27. Qa5 Nf8 28. Ra8 Qd7 29. Qb6 Re8 30. Bc2 Qd6 31. Nxd5 Kh8 32. Nf4 Nd7 33. Qb3 Kg7 34. Qc3 Kh6 35. Bb3 Rf8 36. Ne6 Re8 37. Ng5 Rf8 38. Rxc8 1-0

[Event "San Sebastian op 30th"]
[Site "San Sebastian"]
[Date "2007.04.08"]
[Round "9"]
[White "Hanly, Steven"]
[Black "Villanueva Arguinberri, Bruno"]
[Result "0-1"]
[WhiteElo "1986"]
[BlackElo "1909"]
[PlyCount "86"]
[EventDate "2007.04.01"]
[EventType "swiss"]
[EventRounds "9"]
[EventCountry "ESP"]
[SourceTitle "CBM 117 Extra"]
[Source "ChessBase"]
[SourceDate "2007.05.09"]
[SourceVersion "1"]
[SourceVersionDate "2007.05.09"]
[SourceQuality "1"]

1. d4 Nf6 2. Nf3 d5 3. e3 Bf5 4. c4 c6 5. Qb3 Qb6 6. Qxb6 axb6 7. Nc3 e6 8. cxd5 exd5 9. Bd2 Bd6 10. Be2 0-0 11. 0-0 h6 12. Rfe1 Re8 13. h3 b5 14. b3 Nbd7 15. g4 Bh7 16. Nh2 b4 17. Nd1 Ra7 18. f4 Rea8 19. Nf3 Ne4 20. Bc1 Rxa2 21. Rxa2 Rxa2 22. Ne5 Nxe5 23. fxe5 Be7 24. Bd3 Bh4 25. Re2 Rxe2 26. Bxe2 Ng3 27. Bf3 Bc2 28. Kg2 Ne4 29. Bxe4 Bxe4+ 30. Kg1 Bc2 31. Nf2 b6 32. Bd2 c5 33. Kf1 Bxb3 34. dxc5 bxc5 35. Nd3 Bc4 36. Ke2 Bd8 37. Bc1 Kf8 38. Kd2 Bxd3 39. Kxd3 Ke7 40. Bb2 Ke6 41. e4 g6 42. Ke3 Bg5+ 43. Kf3 d4 0-1

[Event "San Sebastian op 30th"]
[Site "San Sebastian"]
[Date "2007.04.06"]
[Round "7"]
[White "Wlogalski, Olivier"]
[Black "Villanueva Arguinberri, Bruno"]
[Result "1/2-1/2"]
[WhiteElo "2016"]
[BlackElo "1909"]
[PlyCount "102"]
[EventDate "2007.04.01"]
[EventType "swiss"]
[EventRounds "9"]
[EventCountry "ESP"]
[SourceTitle "CBM 117 Extra"]
[Source "ChessBase"]
[SourceDate "2007.05.09"]
[SourceVersion "1"]
[SourceVersionDate "2007.05.09"]
[SourceQuality "1"]

1. b3 d5 2. Bb2 c5 3. e3 Nf6 4. Nf3 Nc6 5. Bb5 Bg4 6. h3 Bh5 7. g4 Bg6 8. Ne5 Rc8 9. d3 e6 10. Nd2 Bd6 11. Bxc6+ bxc6 12. h4 h6 13. Qf3 Bxe5 14. Bxe5 0-0 15. Bxf6 Qxf6 16. Qxf6 gxf6 17. 0-0-0 a5 18. a4 e5 19. f4 h5 20. f5 Bh7 21. e4 Kh8 22. g5 Rg8 23. Rdg1 Rcd8 24. Nf3 dxe4 25. dxe4 Kg7 26. gxf6+ Kxf6 27. Rxg8 Rxg8 28. Ng5 Rg7 29. Rf1 Rxg5 30. hxg5+ Kxg5 31. Kd2 f6 32. Ke2 c4 33. Kf3 cxb3 34. cxb3 h4 35. Rg1+ Kh6 36. Ke3 Kh5 37. Kd3 h3 38. Ke3 Kh4 39. Kf3 h2 40. Rc1 Kh3 41. Kf2 Kg4 42. Kg2 Bg8 43. Rxc6 Bxb3 44. Rxf6 Bxa4 45. Re6 Bb3 46. Rxe5 a4 47. f6 a3 48. Ra5 a2 49. Kxh2 Kf4 50. Kh3 Kxe4 51. Kh4 Kd3 1/2-1/2

[Event "Benidorm Nuevas Generaciones op"]
[Site "Benidorm"]
[Date "2007.??.??"]
[Round "7"]
[White "Villanueva Arguinberri, Bruno"]
[Black "Montanes Arribas, Adrian"]
[Result "0-1"]
[WhiteElo "1980"]
[BlackElo "1840"]
[PlyCount "58"]
[EventDate "2007.11.??"]
[EventType "swiss"]
[EventRounds "7"]
[EventCountry "ESP"]
[SourceTitle "EXT 2010"]
[Source "ChessBase"]
[SourceDate "2010.11.25"]
[SourceVersion "1"]
[SourceVersionDate "2010.11.25"]
[SourceQuality "1"]

1. d4 d5 2. c4 e6 3. Nc3 c5 4. e3 Nf6 5. cxd5 exd5 6. Nf3 Nc6 7. Be2 Be7 8. 0-0 0-0 9. a3 a6 10. b3 Bg4 11. dxc5 Bxc5 12. Bb2 Ba7 13. h3 Be6 14. Na2 Rc8 15. b4 Ne4 16. Nc1 Qd6 17. Nb3 Bb8 18. Nbd2 Ng5 19. h4 Nxf3+ 20. Nxf3 Bg4 21. g3 Rfe8 22. Qd2 Re6 23. Rfd1 Rd8 24. Rac1 Ba7 25. Kg2 d4 26. Qc2 Qd5 27. exd4 Rde8 28. Qc4 Qf5 29. Ne5 Nxe5 0-1

[Event "Erandio op 15th"]
[Site "Erandio"]
[Date "2006.12.19"]
[Round "5"]
[White "Villanueva Arguinberri, Bruno"]
[Black "Mirzoev, Azer"]
[Result "0-1"]
[WhiteElo "1945"]
[BlackElo "2543"]
[PlyCount "52"]
[EventDate "2006.12.16"]
[EventType "swiss"]
[EventRounds "9"]
[EventCountry "ESP"]
[SourceTitle "EXT 2018"]
[Source "ChessBase"]
[SourceDate "2017.10.13"]
[SourceVersion "1"]
[SourceVersionDate "2017.10.13"]
[SourceQuality "1"]

1. d4 Nf6 2. Nf3 e6 3. c4 c5 4. e3 cxd4 5. exd4 d5 6. c5 Be7 7. Nc3 0-0 8. Bd3 b6 9. cxb6 Qxb6 10. 0-0 Ba6 11. Rb1 Bxd3 12. Qxd3 Nc6 13. Be3 Rfc8 14. Nd2 Nd7 15. f4 f5 16. g4 Rf8 17. h3 Rac8 18. Rf2 Bb4 19. Kh1 Ne7 20. Ne2 Nf6 21. Rg2 Rc6 22. Nb3 Ne4 23. a3 Bd6 24. Ng3 Rb8 25. gxf5 Nxg3+ 26. Rxg3 Nxf5 0-1

[Event "Benidorm U16 op"]
[Site "Benidorm"]
[Date "2006.12.08"]
[Round "6"]
[White "Diaz Herrero, Alvaro"]
[Black "Villanueva Arguinberri, Bruno"]
[Result "1-0"]
[WhiteElo "1906"]
[BlackElo "1950"]
[PlyCount "67"]
[EventDate "2006.12.05"]
[EventType "swiss"]
[EventRounds "7"]
[EventCountry "ESP"]
[SourceTitle "CBM 115 Extra"]
[Source "ChessBase"]
[SourceDate "2007.01.10"]
[SourceVersion "1"]
[SourceVersionDate "2007.01.10"]
[SourceQuality "1"]

1. e4 e5 2. Nf3 Nf6 3. Nxe5 d6 4. Nf3 Nxe4 5. d4 d5 6. Bd3 Bd6 7. 0-0 0-0 8. c4 c6 9. Nc3 Nxc3 10. bxc3 Bg4 11. cxd5 cxd5 12. Rb1 b6 13. Rb5 Bc7 14. h3 a6 15. Rxd5 Qxd5 16. hxg4 Nd7 17. Ng5 Nf6 18. Re1 Rfe8 19. Rxe8+ Rxe8 20. Bxa6 Qxa2 21. Qf1 Qc2 22. Bc4 Rf8 23. Ba3 Qxc3 24. Bxf8 Kxf8 25. Nxf7 Qxd4 26. Ng5 Qd6 27. g3 g6 28. Qa1 Ke8 29. Ne6 Ke7 30. g5 Nh5 31. Qh8 Qd1+ 32. Kg2 Bxg3 33. Qf8+ Kd7 34. Qd8+ 1-0

[Event "Euskadi-ch U16"]
[Site "Eibar"]
[Date "2006.04.20"]
[Round "3"]
[White "Garcia San Martin, Alberto"]
[Black "Villanueva Arguinberri, Bruno"]
[Result "1/2-1/2"]
[WhiteElo "1961"]
[BlackElo "1949"]
[PlyCount "72"]
[EventDate "2006.04.19"]
[EventType "swiss"]
[EventRounds "6"]
[EventCountry "ESP"]
[SourceTitle "EXT 2018"]
[Source "ChessBase"]
[SourceDate "2017.10.13"]
[SourceVersion "1"]
[SourceVersionDate "2017.10.13"]
[SourceQuality "1"]

1. e4 d6 2. d4 Nf6 3. Nc3 g6 4. f3 Nbd7 5. Be3 a6 6. g4 e5 7. d5 Nc5 8. Nge2 Rb8 9. Ng3 h5 10. h3 Bd7 11. a4 h4 12. Nge2 Nh7 13. b4 Qf6 14. Bg2 b5 15. bxc5 dxc5 16. axb5 axb5 17. Qd2 b4 18. Nd1 c4 19. 0-0 Bd6 20. c3 b3 21. Nb2 Bb5 22. f4 exf4 23. Nxf4 g5 24. Bd4 Bxf4 25. Bxf6 Bxd2 26. Bxh8 f6 27. Nd1 Ke7 28. Bg7 Bf4 29. Ra7 b2 30. Nf2 Bc1 31. e5 b1Q 32. exf6+ Kd7 33. Be4 Qxe4 34. Nxe4 Be3+ 35. Kg2 Bxa7 36. f7 Be3 1/2-1/2